000 00355 a2200157 4500
001 152369
040 _cEscola São Tomás de Aquino
100 _aPASSOS, Edson Rodrigues dos
240 1 0 _aNós e os outros
_lpor
245 1 0 _aNós e os outros
300 _a120
362 0 _a2008
440 1 _aÁtica
697 _a*LITERATURA JUVENIL
942 _cBK
999 _c152369
_d152369